000 02001nam1a2200301 i 4500
001 v19\rc\1269486
005 20260406144347.0
035 _a(NLR Aleph) 005189944
090 _a5202219
_c5202219
100 _a20060306d1895 km|y0rusy50 ca
101 0 _arus
102 _aRU
105 _a| z |||||
200 1 _aТруды Комитета по устройству Cельско-хозяйственной и кустарной выставки в г. Кургане в 1895 г.
210 _aТобольск
_cТипография Епархиального братства
_d1895
215 _d20
311 _aПрил. к "Ежегоднику Тобольского губернского музея"
316 _aЭкз. РНБ: выпуски приплетены к соотв. вып. "Ежегодника Тобольского губернского музея"
_5NLR: 38.26.8.45(доб.), 130/2410(доб.)
422 0 _1001v19\rc\1263879
_95291953
_aТобольский губернский музей
_cТобольск
_d1893-1919
_fредакционная комиссия ежегодника: председательствующий Н. М. Богданович [и др.]
_nГубернская типография
_tЕжегодник Тобольского губернского музея, состоящего под августейшим покровительством государя наследника цесаревича
710 1 2 _aТобольская губернская сельскохозяйственная и кустарно-промышленная выставка
_f1895
_eКурган
_bКомитет по устройству
_3RU\NLR\AUTH\889923697
_9343323
801 0 _aRU
_bNLR
_c20060306
_gpsbo
801 1 _aRU
_bProSoft-M
_c20060306
_2rusmarc
801 2 _aRU
_bNLR
_c20091201
_2rusmarc
852 _aNLR
_j38.26.8.45(доб.)
852 _aNLR
_j130/2410(доб.)
852 _aNLR
_j20.100.6.13
942 _cBOOK